| 000 | 00351nam a22001337a 4500 | ||
|---|---|---|---|
| 020 | _a0471495492 | ||
| 040 | _cNUST | ||
| 082 |
_a621.384165 _bPAT |
||
| 100 |
_aPätzold, Matthias _9125218 |
||
| 245 | _aMobile Fading Channels | ||
| 260 |
_aEngland: _b John Wiley & Sons _c2002. |
||
| 650 |
_aEngineering & Applied Sciences _9125219 |
||
| 942 |
_2ddc _cBK |
||
| 999 |
_c610988 _d610988 |
||